LEADER 01042naa a2200217 u 4500 001 000000099328 003 CaOOAMICUS 005 20070226130158.0 008 050930s1992 it u000 u ita u 035 $a11060934 040 $aIAR$bita 100 1 $aPerrone, Lorenzo.$0(OLS)http://pul/name/10715 245 12$aL'enigma di Paolo di Samosata :$bDogma, chiesa e società nella Siria del III secolo - prospettive di un ventennio di studi /$cLorenzo Perrone. 260 $aBologna :$bEd. Dehoniane,$c1992. 300 $aS. 253-328 ;$c22 cm 600 14$aPaulus Samosatenus,$dSec. III.$0(OLS)http://pul/subject/31753 730 0 $aCristianesimo nella storia$g[Spogli].$0(OLS)http://pul/title/7312 773 0 $aCristianesimo nella storia ;.$tvol. XIII (1992) 773 0 $tCristianesimo nella storia$w()5012 996 $6245$aL'enigma di Paolo di Samosata :$bDogma, chiesa e società nella Siria del III secolo - prospettive di un ventennio di studi$9(OLS)http://pul/title/126206 996 $6260$aBologna :$bEd. Dehoniane$9(OLS)http://pul/publisher/48282 LEADER 01590naa a2200265 u 4500 001 000000093918 003 CaOOAMICUS 005 20070226130136.0 008 010720m19811984fr u000 u fre u 035 $a10898007 040 $aPUL(R)$bita 100 1 $aDroz, Georges André Léopold,$d1931-$0(OLS)http://pul/name/60342 245 13$aLa Conference de La Haye et l'entraide judiciaire internationale /$cpar Georges A.L. Droz. 246 33$aHague conference on private international law 25 years after the founding of its permanent bureau : achevements and prospects 246 33$aConference de La Haye de droit international privé vingt-cinq ans après la création de son bureau permanent : bilan et perspectives 260 $a[S. l. :$bs. n.],$c1981-1984. 300 $aP. [161-183] 504 $aBibliografia in nota. 650 4$aDiritto internazionale privato.$0(OLS)http://pul/subject/2921 773 0 $tRecueil des cours$gv.III (1980) 773 0 $tRecueil des cours 1980 : collected courses of The Hague Academy of International Law$w()60378 996 $6245$aLa Conference de La Haye et l'entraide judiciaire internationale$9(OLS)http://pul/title/120774 996 $6246$aHague conference on private international law 25 years after the founding of its permanent bureau : achevements and prospects$9(OLS)http://pul/title/120772 996 $6246$aConference de La Haye de droit international privé vingt-cinq ans après la création de son bureau permanent : bilan et perspectives$9(OLS)http://pul/title/120773 996 $6260$a[S. l. :$bs. n.]$9(OLS)http://pul/publisher/47882